00584 a2200157 4500010001400000020001100014035001300025037001800038082001100056100001700067245010800084260006300192270008100255300005400336700003600390 aENG-85458 c100.00 aEN-68991 bD.B.Act / Pub14a323.031 aBatra, B. B.1 aSrimad Bhagavathacabridged, compiled and edited by Sri Aralihalli Satyanarayana Settybfor deliverance aHospetbAralihalli Bhagyalakshmi Satyanarayana Settyc2006 a"Sri Rama Gowri Plaza", Near Bus Stand, HospetbHospete583201k08394-228154 av.IV.(xxxiii, 289 p.)c21 cm. (Pbk)bphotos (col) aSetty, Aralihalli Satyanarayana